| 000 | 00579nam a2200193Ia 4500 | ||
|---|---|---|---|
| 003 | OSt | ||
| 005 | 20250211124231.0 | ||
| 008 | 210210b2007 xxu||||| |||| 00| 0 eng d | ||
| 040 | _cal | ||
| 041 | _aKan | ||
| 082 | _aK894.8 NANE | ||
| 100 |
_aNANDIMATA (S C) _dನಂದೀಮಠ(ಎಸ್.ಸಿ) _9199029 |
||
| 245 |
_aS C Nandimatara lekhanagalu _bಎಸ್.ಸಿ.ನಂದೀಮಠರ ಲೇಖನಗಳು |
||
| 260 |
_aBengaluru _bKannada Pustaka Pradhikara _c2007 |
||
| 300 | _a932 | ||
| 690 |
_aKannada Miscellaneous _9199034 |
||
| 906 | _a064372 | ||
| 942 |
_2ddc _cBK |
||
| 999 |
_c116383 _d116383 |
||